[Event "DEM U12/U12w 2014"]
[Site "Magdeburg GER"]
[Date "2014.06.08"]
[Round "2"]
[White "Dietz, Florian"]
[Black "Engel, Luis"]
[Result "1/2-1/2"]
[Termination "normal"]
[Board "1"]
[WhiteElo "1860"]
[BlackElo "1982"]
[WhiteClock "00:33:27"]
[BlackClock "00:06:58"]
[PlyCount "97"]
[WhiteFideId "12939897"]
[BlackFideId "12961523"]
[EventCountry "GER"]
[EventRounds "11"]
[EventType "swiss"]
[EventDate "2014.06.07"]

1. e4 c5 2. Nf3 d6 3. d4 cxd4 4. Nxd4 Nf6 5. Nc3 a6 6. Be3 e5 7. Nf3 Be6 8. Ng5
Qc7 9. Nxe6 fxe6 10. Qf3 b5 11. Bd3 Nc6 12. Qh3 Qd7 13. O-O-O Nd4 14. f4 b4 15.
fxe5 dxe5 16. Ne2 Nxe2+ 17. Bxe2 Qc6 18. Bd3 g6 19. Bg5 Bg7 20. Qh4 O-O 21.
Rhf1 Nh5 22. Kb1 Nf4 23. Bxf4 exf4 24. Rxf4 Qc5 25. Rdf1 Qd4 26. Rxf8+ Rxf8 27.
Rxf8+ Kxf8 28. Qf4+ Bf6 29. Qc1 a5 30. Be2 Qxe4 31. Bf3 Qf5 32. Qe3 a4 33. a3
b3 34. Qe4 bxc2+ 35. Qxc2 Qe5 36. Qc8+ Kg7 37. Qd7+ Kh6 38. Qd2+ g5 39. h4 Qc5
40. hxg5+ Bxg5 41. Qb4 Qc1+ 42. Ka2 Bf6 43. Qf8+ Bg7 44. Qb4 Bf6 45. Qf8+ Kg5
46. Qg8+ Kf4 47. Qg4+ Ke5 48. Qg3+ Qf4 49. Qe1+ 1/2-1/2

[Event "DEM U12/U12w 2014"]
[Site "Magdeburg GER"]
[Date "2014.06.08"]
[Round "2"]
[White "Rockmann, Jan-Okke"]
[Black "Wagner, Benjamin"]
[Result "1-0"]
[Termination "normal"]
[Board "2"]
[WhiteElo "1873"]
[BlackElo "1634"]
[WhiteClock "01:23:32"]
[BlackClock "00:48:19"]
[PlyCount "51"]
[WhiteFideId "12942111"]
[BlackFideId "12957330"]
[EventCountry "GER"]
[EventRounds "11"]
[EventType "swiss"]
[EventDate "2014.06.07"]

1. e4 e5 2. Nf3 Nc6 3. Bc4 Bc5 4. O-O d6 5. c3 Nf6 6. d4 exd4 7. cxd4 Bb6 8.
Nc3 Nxe4 9. Re1 f5 10. Nxe4 fxe4 11. Rxe4+ Ne7 12. Bg5 d5 13. Rxe7+ Qxe7 14.
Bxe7 dxc4 15. Qe2 Kf7 16. Ne5+ Kxe7 17. Ng6+ Kf6 18. Nxh8 Be6 19. Qe5+ Ke7 20.
Re1 Rxh8 21. Qxg7+ Kd6 22. Qxh8 Kc6 23. Rxe6+ Kb5 24. Qe5+ Ka6 25. Qc5 c6 26.
Qxc4+ 1-0

[Event "DEM U12/U12w 2014"]
[Site "Magdeburg GER"]
[Date "2014.06.08"]
[Round "2"]
[White "Zimmer, Raphael"]
[Black "Schneider, Jana"]
[Result "1-0"]
[Termination "normal"]
[Board "3"]
[WhiteElo "1868"]
[BlackElo "1824"]
[WhiteClock "00:29:49"]
[BlackClock "00:21:03"]
[PlyCount "83"]
[WhiteFideId "12978841"]
[BlackFideId "12924997"]
[EventCountry "GER"]
[EventRounds "11"]
[EventType "swiss"]
[EventDate "2014.06.07"]

1. e4 e5 2. Nf3 Nc6 3. d4 exd4 4. Bc4 Bc5 5. c3 Nf6 6. cxd4 Bb4+ 7. Kf1 d5 8.
exd5 Nxd5 9. a3 Be7 10. Qb3 Na5 11. Qa4+ c6 12. Bxd5 Qxd5 13. Nc3 Qc4+ 14. Qxc4
Nxc4 15. b3 Na5 16. b4 Nb3 17. Rb1 Nxc1 18. Rxc1 Be6 19. h4 Rd8 20. Ne4 b6 21.
Ng3 Bd5 22. Ne5 O-O 23. Nf5 Bf6 24. Ng4 Be4 25. Nfh6+ Kh8 26. Nxf6 gxf6 27. f3
Bd3+ 28. Kf2 Bb5 29. Rhd1 Rd5 30. g4 Rc8 31. Nf5 Rcd8 32. Re1 R5d7 33. Re3 a5
34. h5 Kg8 35. h6 Kf8 36. Rce1 axb4 37. Ng7 Re7 38. Rxe7 c5 39. dxc5 bxc5 40.
axb4 cxb4 41. Rb7 Rd5 42. Rb8+ 1-0

[Event "DEM U12/U12w 2014"]
[Site "Magdeburg GER"]
[Date "2014.06.08"]
[Round "2"]
[White "Kopylov, Daniel"]
[Black "Gheng, Dominik"]
[Result "1-0"]
[Termination "normal"]
[Board "4"]
[WhiteElo "1813"]
[BlackElo "1556"]
[WhiteClock "00:44:13"]
[BlackClock "00:42:54"]
[PlyCount "53"]
[WhiteFideId "12921971"]
[BlackFideId "12906778"]
[EventCountry "GER"]
[EventRounds "11"]
[EventType "swiss"]
[EventDate "2014.06.07"]

1. e4 e5 2. Nf3 Nc6 3. d4 exd4 4. Nxd4 Nf6 5. Nxc6 dxc6 6. Qxd8+ Kxd8 7. Nc3
Bb4 8. f3 Re8 9. Bg5 h6 10. O-O-O+ Ke7 11. Bf4 Be6 12. Bxc7 Rac8 13. Bg3 Red8
14. Be2 Bxc3 15. bxc3 Bxa2 16. c4 b5 17. cxb5 cxb5 18. Bxb5 Bb3 19. Rxd8 Kxd8
20. Rd1+ Ke7 21. Kb2 Bc4 22. Bd6+ Ke6 23. Bxc4+ Rxc4 24. Bf8 Nh5 25. Rd6+ Ke5
26. Rd5+ Kf6 27. Rxh5 1-0

[Event "DEM U12/U12w 2014"]
[Site "Magdeburg GER"]
[Date "2014.06.08"]
[Round "2"]
[White "Roseneck, Jonas"]
[Black "Meyling, Lennart"]
[Result "0-1"]
[Termination "normal"]
[Board "6"]
[WhiteElo "1766"]
[BlackElo "1722"]
[WhiteClock "00:07:31"]
[BlackClock "00:22:36"]
[PlyCount "94"]
[WhiteFideId "12939870"]
[BlackFideId "12947130"]
[EventCountry "GER"]
[EventRounds "11"]
[EventType "swiss"]
[EventDate "2014.06.07"]

1. e4 c5 2. Nf3 Nf6 3. Nc3 d5 4. exd5 Nxd5 5. Bc4 e6 6. O-O Be7 7. d4 cxd4 8.
Nxd4 Nxc3 9. bxc3 O-O 10. Qf3 Nd7 11. Re1 Nb6 12. Bd3 Bf6 13. Ba3 Re8 14. Rad1
Qd5 15. Qh3 h6 16. Nb5 Qc6 17. Nd6 Rd8 18. Qh5 Qc7 19. Bb5 Nd5 20. Ne8 Qxc3 21.
Nxf6+ Qxf6 22. Rd3 Nf4 23. Rxd8+ Qxd8 24. Qf3 Ng6 25. Rd1 Qa5 26. Be8 Ne5 27.
Qg3 Bd7 28. Bxd7 Nxd7 29. Bb2 e5 30. h3 Qxa2 31. Rxd7 Qxb2 32. Qf3 Rf8 33. Rxb7
Qxc2 34. Rxa7 e4 35. Qf4 g5 36. Qf6 Qb1+ 37. Kh2 Qb8+ 38. Kg1 Qxa7 39. Qxh6
Qa1+ 40. Kh2 Qg7 41. Qc6 Qe5+ 42. g3 e3 43. fxe3 Qxe3 44. h4 g4 45. Qc4 Qf2+
46. Kh1 Qf3+ 47. Kh2 Re8 0-1

[Event "DEM U12/U12w 2014"]
[Site "Magdeburg GER"]
[Date "2014.06.08"]
[Round "2"]
[White "Renger, Niklas"]
[Black "Huber, Benedikt"]
[Result "1-0"]
[Termination "normal"]
[Board "7"]
[WhiteElo "1794"]
[BlackElo "1719"]
[PlyCount "39"]
[WhiteFideId "12908096"]
[BlackFideId "12923583"]
[EventCountry "GER"]
[EventRounds "11"]
[EventType "swiss"]
[EventDate "2014.06.07"]

1. e4 e6 2. d4 d5 3. Nd2 Nf6 4. e5 Nfd7 5. Bd3 c5 6. c3 Nc6 7. Ne2 cxd4 8. cxd4
Qb6 9. Nf3 f6 10. exf6 Nxf6 11. O-O Bd6 12. Bf4 Bxf4 13. Nxf4 O-O 14. Re1 Ne4
15. g3 Nxf2 16. Kxf2 e5 17. Nxd5 Qxb2+ 18. Qe2 Qxd4+ 19. Kg2 Qxd5 20. Bc4 1-0

[Event "DEM U12/U12w 2014"]
[Site "Magdeburg GER"]
[Date "2014.06.08"]
[Round "2"]
[White "Lieberwirth, Kasimir"]
[Black "Biastoch, Bennet"]
[Result "0-1"]
[Termination "normal"]
[Board "8"]
[WhiteElo "1628"]
[BlackElo "1754"]
[PlyCount "58"]
[WhiteFideId "12988146"]
[BlackFideId "12939889"]
[EventCountry "GER"]
[EventRounds "11"]
[EventType "swiss"]
[EventDate "2014.06.07"]

1. e4 c5 2. Nc3 Nc6 3. Bb5 Nd4 4. Bc4 g6 5. f4 Bg7 6. Nf3 e6 7. Nxd4 cxd4 8.
Ne2 Ne7 9. d3 O-O 10. Bb3 d5 11. O-O dxe4 12. dxe4 Qb6 13. Kh1 Bd7 14. c3 Bc6
15. e5 dxc3 16. Nxc3 Rfd8 17. Qe1 Nf5 18. Qf2 Bf8 19. Qxb6 axb6 20. Rd1 Rxd1+
21. Nxd1 Rd8 22. Ne3 Bc5 23. Nxf5 gxf5 24. h3 Kh8 25. Bc2 Rg8 26. b4 Bd4 27.
Rb1 Rxg2 28. b5 Bd5 29. Bb3 Be4 0-1

[Event "DEM U12/U12w 2014"]
[Site "Magdeburg GER"]
[Date "2014.06.08"]
[Round "2"]
[White "Wierzbicki, Jirawat"]
[Black "Rosenhain, Rachela"]
[Result "1/2-1/2"]
[Termination "normal"]
[Board "9"]
[WhiteElo "1774"]
[BlackElo "1659"]
[PlyCount "111"]
[WhiteFideId "1153579"]
[BlackFideId "12957615"]
[EventCountry "GER"]
[EventRounds "11"]
[EventType "swiss"]
[EventDate "2014.06.07"]

1. e4 e5 2. d4 exd4 3. Qxd4 Nc6 4. Qe3 d6 5. Bd2 Nf6 6. Nc3 Be6 7. O-O-O Qd7 8.
f4 Qe7 9. h3 O-O-O 10. g4 d5 11. e5 d4 12. exf6 dxe3 13. fxe7 exd2+ 14. Rxd2
Bxe7 15. Bg2 Rxd2 16. Kxd2 Rd8+ 17. Kc1 Nb4 18. a3 Nd5 19. Nge2 Ne3 20. Bf3 Nc4
21. Rd1 Rxd1+ 22. Nxd1 c6 23. Nd4 Bd7 24. Be4 g6 25. Bd3 Nb6 26. Ne3 Bc5 27. c3
Kc7 28. b4 Bd6 29. Ne2 Be6 30. c4 c5 31. b5 a6 32. bxa6 bxa6 33. Kd2 Be7 34.
Nc3 Kd6 35. Ne4+ Kc6 36. Kc3 Bd6 37. Nxd6 Kxd6 38. Be4 a5 39. h4 a4 40. f5 Bd7
41. fxg6 fxg6 42. h5 Be8 43. hxg6 Bxg6 44. Bf5 Ke5 45. Kd3 Bxf5+ 46. gxf5 h5
47. Ke2 Nc8 48. Kf3 Nd6 49. f6 Kxf6 50. Kf4 Ke6 51. Nd1 Nxc4 52. Kg5 Nxa3 53.
Nc3 Nc4 54. Nxa4 Kd5 55. Nxc5 Kxc5 56. Kxh5 1/2-1/2

[Event "DEM U12/U12w 2014"]
[Site "Magdeburg GER"]
[Date "2014.06.08"]
[Round "2"]
[White "Pölt, Christoph"]
[Black "Holinka, Henning"]
[Result "1-0"]
[Termination "time forfeit"]
[Board "10"]
[WhiteElo "1741"]
[BlackElo "1689"]
[PlyCount "66"]
[WhiteFideId "12960853"]
[BlackFideId "12967084"]
[EventCountry "GER"]
[EventRounds "11"]
[EventType "swiss"]
[EventDate "2014.06.07"]

1. d4 d5 2. c4 e6 3. Nf3 Nf6 4. g3 Nbd7 5. Bg2 Bd6 6. O-O c6 7. Nfd2 O-O 8. Nc3
Re8 9. e4 dxe4 10. Ndxe4 Nxe4 11. Nxe4 Bc7 12. Bg5 f6 13. Be3 e5 14. d5 Nb6 15.
d6 Bb8 16. c5 Nd5 17. Qb3 Kh8 18. Rad1 Qd7 19. Nd2 Nxe3 20. Qxe3 Qf7 21. Ne4
Rd8 22. a3 a5 23. f4 exf4 24. Qxf4 Ba7 25. g4 Qe6 26. h3 b6 27. b4 axb4 28.
axb4 Qc4 29. d7 Rxd7 30. Rxd7 Bxd7 31. Qc7 bxc5 32. Qxd7 cxb4+ 33. Kh1 Bc5 1-0

[Event "DEM U12/U12w 2014"]
[Site "Magdeburg GER"]
[Date "2014.06.08"]
[Round "2"]
[White "Suvorov, Alexander"]
[Black "Liebeck, Eddie"]
[Result "1-0"]
[Termination "normal"]
[Board "11"]
[WhiteElo "1569"]
[BlackElo "1676"]
[PlyCount "73"]
[WhiteFideId "12977063"]
[BlackFideId "12945854"]
[EventCountry "GER"]
[EventRounds "11"]
[EventType "swiss"]
[EventDate "2014.06.07"]

1. c4 e5 2. Nc3 Nf6 3. g3 Nc6 4. Bg2 Bc5 5. Nf3 d6 6. O-O O-O 7. d3 h6 8. a3 a6
9. e4 Bg4 10. h3 Bd7 11. Nd5 Nxd5 12. cxd5 Nd4 13. Be3 Nxf3+ 14. Qxf3 Bxe3 15.
Qxe3 f5 16. f4 exf4 17. gxf4 Qe7 18. e5 dxe5 19. fxe5 Rae8 20. d4 Bb5 21. Rfc1
f4 22. Qf3 a5 23. Rc5 Ba6 24. Rac1 Qg5 25. Re1 Qe7 26. Rxa5 Qh4 27. Qf2 Qg5 28.
Qf3 Qh4 29. Re4 Bc4 30. Rc5 Bb3 31. Qxb3 Rf5 32. d6+ Kh8 33. dxc7 Rg5 34. c8=Q
Rxg2+ 35. Kxg2 Qg5+ 36. Kf1 Qh5 37. Qg4 1-0

[Event "DEM U12/U12w 2014"]
[Site "Magdeburg GER"]
[Date "2014.06.08"]
[Round "2"]
[White "Röhr, Tobias"]
[Black "Schulze, Lara"]
[Result "0-1"]
[Termination "normal"]
[Board "12"]
[WhiteElo "1588"]
[BlackElo "1774"]
[PlyCount "98"]
[WhiteFideId "12963089"]
[BlackFideId "12956830"]
[EventCountry "GER"]
[EventRounds "11"]
[EventType "swiss"]
[EventDate "2014.06.07"]

1. d4 c5 2. dxc5 e6 3. Nf3 Bxc5 4. Bf4 Nf6 5. e3 O-O 6. Nc3 a6 7. Bd3 d5 8. Ne5
Nc6 9. Qf3 Bd6 10. Nxc6 bxc6 11. Bg5 e5 12. e4 d4 13. Ne2 Be7 14. Bxf6 Bxf6 15.
h4 Qd7 16. g3 Rb8 17. Rb1 Bd8 18. Ng1 Ba5+ 19. Kf1 Bc3 20. Qh5 Qd6 21. Nf3 f6
22. Bc4+ Be6 23. Bxe6+ Qxe6 24. b3 g6 25. Qh6 Qg4 26. h5 g5 27. Nh4 Qxe4 28.
Rg1 Qxc2 29. Kg2 Qe4+ 30. Kh2 Rf7 31. Ng6 hxg6 32. hxg6 Rg7 33. Rh1 Qxg6 34.
Qxg6 Rxg6 35. Kg2 Kg7 36. Rh3 Rh6 37. Rbh1 Rxh3 38. Rxh3 Rh8 39. Rxh8 Kxh8 40.
Kf3 Kg7 41. Ke4 f5+ 42. Kd3 e4+ 43. Ke2 f4 44. gxf4 gxf4 45. Kd1 d3 46. a4 e3
47. fxe3 fxe3 48. b4 e2+ 49. Kc1 e1=Q# 0-1

[Event "DEM U12/U12w 2014"]
[Site "Magdeburg GER"]
[Date "2014.06.08"]
[Round "2"]
[White "Oganessjan, Artur"]
[Black "Collin, Alexander"]
[Result "1/2-1/2"]
[Termination "normal"]
[Board "13"]
[WhiteElo "1761"]
[BlackElo "1590"]
[PlyCount "53"]
[WhiteFideId "12986062"]
[BlackFideId "12946745"]
[EventCountry "GER"]
[EventRounds "11"]
[EventType "swiss"]
[EventDate "2014.06.07"]

1. e4 e6 2. d4 d5 3. Nc3 Bb4 4. e5 c5 5. Nf3 Bxc3+ 6. bxc3 Qa5 7. Bd2 Qa4 8.
Be2 Nc6 9. Be3 cxd4 10. cxd4 a6 11. c3 Qxd1+ 12. Rxd1 Nge7 13. Bd3 b5 14. a3
Bd7 15. O-O Na5 16. Nd2 O-O 17. f4 Nc8 18. g4 Nb6 19. f5 Na4 20. f6 Nb2 21.
fxg7 Kxg7 22. Rf6 Nxd1 23. Bh6+ Kg8 24. Bg5 Kg7 25. Bh6+ Kg8 26. Bg5 Kg7 27.
Bh6+ 1/2-1/2

[Event "DEM U12/U12w 2014"]
[Site "Magdeburg GER"]
[Date "2014.06.08"]
[Round "2"]
[White "Roho, Kevin"]
[Black "Mönster, Madita"]
[Result "1/2-1/2"]
[Termination "normal"]
[Board "14"]
[WhiteElo "1643"]
[BlackElo "1637"]
[PlyCount "73"]
[WhiteFideId "12973734"]
[BlackFideId "12947156"]
[EventCountry "GER"]
[EventRounds "11"]
[EventType "swiss"]
[EventDate "2014.06.07"]

1. e4 c5 2. Nf3 Nc6 3. d3 g6 4. g3 Bg7 5. Bg2 Nf6 6. O-O O-O 7. c3 e5 8. Re1 d6
9. d4 cxd4 10. cxd4 Bg4 11. d5 Nd4 12. Be3 Nxf3+ 13. Bxf3 Bh3 14. Nc3 Qd7 15.
Bg2 a6 16. Rc1 Rac8 17. Qe2 Bxg2 18. Kxg2 b5 19. Bg5 h6 20. Bxf6 Bxf6 21. Nb1
Bg5 22. Nd2 Rc7 23. h4 Bf6 24. Nb3 Rfc8 25. Rxc7 Rxc7 26. Qf3 Bd8 27. Qe3 Kg7
28. Rc1 Qc8 29. Rxc7 Qxc7 30. Qc1 Qxc1 31. Nxc1 f5 32. f3 g5 33. hxg5 Bxg5 34.
Nd3 fxe4 35. fxe4 Be3 36. Nb4 a5 37. Nc2 1/2-1/2

[Event "DEM U12/U12w 2014"]
[Site "Magdeburg GER"]
[Date "2014.06.08"]
[Round "2"]
[White "Wachtel, Arthur"]
[Black "Mantel, Ruben"]
[Result "1-0"]
[Termination "normal"]
[Board "15"]
[WhiteElo "1539"]
[BlackElo "1645"]
[PlyCount "97"]
[WhiteFideId "12988510"]
[BlackFideId "12930121"]
[EventCountry "GER"]
[EventRounds "11"]
[EventType "swiss"]
[EventDate "2014.06.07"]

1. e4 c5 2. Nf3 Nc6 3. Bb5 Qb6 4. Bxc6 Qxc6 5. Nc3 e6 6. O-O d6 7. d4 Nf6 8. e5
Nd7 9. Re1 d5 10. Be3 b6 11. Ne2 a5 12. c3 Ba6 13. Ng3 c4 14. h3 b5 15. Nh2 Nb6
16. f4 b4 17. f5 a4 18. fxe6 Qxe6 19. a3 b3 20. Rf1 Ra7 21. Ng4 h5 22. Nh2 g6
23. Rf6 Qc8 24. Rxb6 Be7 25. Qf3 Qd8 26. Rxa6 Rxa6 27. Rf1 Rf8 28. Bh6 Rh8 29.
Qxf7+ Kd7 30. Qxd5+ Kc7 31. Qxd8+ Kxd8 32. Be3 Rf8 33. Rxf8+ Bxf8 34. Ne4 Ra5
35. Nf3 Kd7 36. Nfd2 Ke6 37. Nxc4 Ra6 38. Ncd6 Ra7 39. Kf2 Be7 40. c4 Bxd6 41.
Nxd6 Ra8 42. Bg5 Rf8+ 43. Bf6 Rxf6+ 44. exf6 Kxd6 45. f7 Ke7 46. Kf3 Kxf7 47.
Ke4 Ke6 48. d5+ Kd6 49. Kd4 1-0

[Event "DEM U12/U12w 2014"]
[Site "Magdeburg GER"]
[Date "2014.06.08"]
[Round "2"]
[White "Preißler, Niklas"]
[Black "Santos, Leonardo"]
[Result "1-0"]
[Termination "normal"]
[Board "16"]
[WhiteElo "1812"]
[BlackElo "1451"]
[PlyCount "91"]
[WhiteFideId "12927554"]
[BlackFideId "12965049"]
[EventCountry "GER"]
[EventRounds "11"]
[EventType "swiss"]
[EventDate "2014.06.07"]

1. d4 Nf6 2. Nf3 g6 3. Bf4 Bg7 4. e3 d5 5. c4 O-O 6. Nc3 c5 7. dxc5 Qa5 8. Rc1
Ne4 9. Be5 Nxc3 10. Rxc3 Bxe5 11. Nxe5 Nc6 12. Nxc6 bxc6 13. cxd5 Rb8 14. Qd2
cxd5 15. a3 Rd8 16. Be2 Bf5 17. O-O e5 18. b4 Qc7 19. Rd1 Bd7 20. Qb2 Bb5 21.
Bxb5 Rxb5 22. a4 Rb7 23. b5 Qa5 24. Qb3 Rc7 25. Rcc1 d4 26. exd4 exd4 27. Qc4
Rcd7 28. c6 Rc7 29. Rxd4 Re8 30. Qb4 Qxb4 31. Rxb4 a6 32. b6 Rxc6 33. Rd1 Rd6
34. Rdb1 Rb8 35. a5 Rd5 36. Ra1 Re8 37. g3 Rd6 38. Rc4 Rd7 39. Rb1 Rb8 40. Rbc1
Kf8 41. Rc8+ Rxc8 42. Rxc8+ Ke7 43. Ra8 Kd6 44. Rxa6 Kc6 45. Ra8 Kb7 46. Ra7+
1-0

[Event "DEM U12/U12w 2014"]
[Site "Magdeburg GER"]
[Date "2014.06.08"]
[Round "2"]
[White "Jahn, Felix"]
[Black "Mütsch, Annmarie"]
[Result "1/2-1/2"]
[Termination "normal"]
[Board "17"]
[WhiteElo "1517"]
[BlackElo "1648"]
[PlyCount "75"]
[WhiteFideId "12983632"]
[BlackFideId "12971367"]
[EventCountry "GER"]
[EventRounds "11"]
[EventType "swiss"]
[EventDate "2014.06.07"]

1. e4 e5 2. Nf3 Nc6 3. d4 exd4 4. Nxd4 Bb4+ 5. c3 Bc5 6. Be3 Bb6 7. Be2 Nf6 8.
Nxc6 bxc6 9. Bxb6 axb6 10. Nd2 O-O 11. O-O d5 12. exd5 cxd5 13. Qc2 Ng4 14.
Bxg4 Bxg4 15. Rfe1 Qg5 16. Re3 Bf5 17. Qd1 Be6 18. Rg3 Qf6 19. Nb3 c5 20. Qf3
Qxf3 21. Rxf3 Bg4 22. Re3 f6 23. f3 Bf5 24. a3 Rfe8 25. Rae1 Kf7 26. Kf2 Rxe3
27. Rxe3 Re8 28. Rxe8 Kxe8 29. Ke3 Ke7 30. h3 Bc2 31. Nc1 Kd6 32. b4 Kc6 33.
Kd2 Bg6 34. a4 c4 35. Ne2 Kb7 36. Nd4 Bd3 37. g3 g5 38. Ne6 1/2-1/2

[Event "DEM U12/U12w 2014"]
[Site "Magdeburg GER"]
[Date "2014.06.08"]
[Round "2"]
[White "Yankelevich, Michael"]
[Black "Biermann, Lenhard"]
[Result "1-0"]
[Termination "normal"]
[Board "18"]
[WhiteElo "1696"]
[BlackElo "1535"]
[PlyCount "47"]
[WhiteFideId "12921440"]
[BlackFideId "12970077"]
[EventCountry "GER"]
[EventRounds "11"]
[EventType "swiss"]
[EventDate "2014.06.07"]

1. e4 e6 2. d4 d5 3. e5 c5 4. c3 Nc6 5. Nf3 Bd7 6. a3 f6 7. Bb5 Nxe5 8. Nxe5
fxe5 9. Qh5+ g6 10. Qxe5 Qf6 11. Bxd7+ Kxd7 12. Bf4 Ke8 13. O-O Kf7 14. Qe3 Qd8
15. Re1 Qd7 16. Nd2 cxd4 17. cxd4 Bg7 18. Nf3 h6 19. Be5 Nf6 20. Rac1 Rhc8 21.
Bxf6 Bxf6 22. Qxh6 Rh8 23. Qf4 Kg7 24. Rc7 1-0

[Event "DEM U12/U12w 2014"]
[Site "Magdeburg GER"]
[Date "2014.06.08"]
[Round "2"]
[White "Lesny, Florian"]
[Black "Graf, Justus Felix"]
[Result "0-1"]
[Termination "normal"]
[Board "19"]
[WhiteElo "1549"]
[BlackElo "1513"]
[PlyCount "120"]
[WhiteFideId "12973874"]
[BlackFideId "12929212"]
[EventCountry "GER"]
[EventRounds "11"]
[EventType "swiss"]
[EventDate "2014.06.07"]

1. e4 c5 2. Nf3 e6 3. d4 cxd4 4. Nxd4 Nc6 5. Nc3 Qc7 6. a3 a6 7. Be3 Nf6 8. f3
Be7 9. Be2 O-O 10. O-O b6 11. Qd2 Bb7 12. Kh1 Rfd8 13. Rad1 d5 14. exd5 Nxd5
15. Nxd5 Rxd5 16. Qc1 Na5 17. Bf2 Bd6 18. g3 h5 19. Kg2 h4 20. Rh1 Rd8 21. Rhf1
Bc5 22. Nb3 h3+ 23. Kg1 Bxf2+ 24. Kxf2 Nxb3 25. cxb3 Qxc1 26. Rxc1 Rd2 27. Rfd1
Kf8 28. Rxd2 Rxd2 29. Rb1 Bd5 30. Ke3 Rc2 31. b4 Ba2 32. Rd1 Rxb2 33. Rd6 b5
34. Rxa6 Bc4 35. Bxc4 bxc4 36. Rc6 Rxh2 37. Rxc4 g5 38. Rc1 Ra2 39. Rh1 h2 40.
Kd4 Rxa3 41. Rxh2 Rxf3 42. Rg2 Ke7 43. Kc5 Kd7 44. Kb6 f5 45. b5 e5 46. Kb7 e4
47. b6 e3 48. Ka8 Rf2 49. Rg1 Ra2+ 50. Kb7 e2 51. Re1 f4 52. gxf4 gxf4 53. Kb8
f3 54. b7 f2 55. Rf1 Rd2 56. Rxf2 e1=Q 57. Rxd2+ Qxd2 58. Ka7 Qa5+ 59. Kb8 Kc6
60. Kc8 Qc7# 0-1

[Event "DEM U12/U12w 2014"]
[Site "Magdeburg GER"]
[Date "2014.06.08"]
[Round "2"]
[White "Bui, Hai Lam"]
[Black "Stork, Oliver"]
[Result "1/2-1/2"]
[Termination "normal"]
[Board "20"]
[WhiteElo "1674"]
[BlackElo "1629"]
[PlyCount "103"]
[WhiteFideId "12975737"]
[BlackFideId "12955728"]
[EventCountry "GER"]
[EventRounds "11"]
[EventType "swiss"]
[EventDate "2014.06.07"]

1. e4 e5 2. Nf3 Nc6 3. Nc3 Nf6 4. d4 exd4 5. Nxd4 Bb4 6. Nxc6 bxc6 7. Bd3 d5 8.
exd5 cxd5 9. O-O O-O 10. Bg5 c6 11. Qf3 Be7 12. h3 Be6 13. Rad1 Nd7 14. Bxe7
Qxe7 15. Rfe1 Qd6 16. Bf1 Rfe8 17. b3 f6 18. Rd2 Bf7 19. Red1 Ne5 20. Qg3 Bh5
21. Be2 Bxe2 22. Nxe2 Nf7 23. Qd3 Ne5 24. Qg3 Nf7 25. Qd3 Ne5 26. Qa6 Nd7 27.
c4 Nc5 28. Qa3 Qf8 29. cxd5 cxd5 30. Ng3 Ne4 31. Qxf8+ Kxf8 32. Rd3 Rac8 33.
Re1 Nxg3 34. Rxe8+ Kxe8 35. fxg3 Rd8 36. Kf2 Ke7 37. Ke3 Ke6 38. Kd4 Kd6 39.
Re3 Rb8 40. Re2 a5 41. Kc3 Rc8+ 42. Kd3 Rb8 43. Rf2 Ke5 44. Re2+ Kd6 45. Re3
Rc8 46. a3 Rb8 47. Kd4 Rc8 48. Rc3 Re8 49. Re3 Rc8 50. g4 h6 51. Rf3 Rc1 52.
Rd3 1/2-1/2

[Event "DEM U12/U12w 2014"]
[Site "Magdeburg GER"]
[Date "2014.06.08"]
[Round "2"]
[White "Pfreundt, Mathis"]
[Black "Flach, Helene"]
[Result "1/2-1/2"]
[Termination "normal"]
[Board "22"]
[WhiteElo "1667"]
[BlackElo "1657"]
[PlyCount "41"]
[WhiteFideId "12967092"]
[BlackFideId "12929735"]
[EventCountry "GER"]
[EventRounds "11"]
[EventType "swiss"]
[EventDate "2014.06.07"]

1. e4 e5 2. Nf3 Nc6 3. Nc3 Nf6 4. Bb5 Bb4 5. d3 d6 6. O-O h6 7. h3 O-O 8. Ne2
a6 9. Bc4 b5 10. Bb3 Na5 11. Be3 Nxb3 12. axb3 c6 13. Ng3 Re8 14. c3 Ba5 15.
Qc2 d5 16. Rfd1 Bc7 17. Re1 Bd6 18. exd5 cxd5 19. Ne2 Bf5 20. Qd1 Qc7 21. Rc1
1/2-1/2

[Event "DEM U12/U12w 2014"]
[Site "Magdeburg GER"]
[Date "2014.06.08"]
[Round "2"]
[White "Mätzkow, Maximilian Paul"]
[Black "Wurst, Benedikt"]
[Result "1-0"]
[Termination "normal"]
[Board "23"]
[WhiteElo "1841"]
[BlackElo "1403"]
[PlyCount "99"]
[WhiteFideId "24679933"]
[BlackFideId "12991791"]
[EventCountry "GER"]
[EventRounds "11"]
[EventType "swiss"]
[EventDate "2014.06.07"]

1. d4 d5 2. Nf3 Nf6 3. Bf4 c5 4. c3 c4 5. e3 Nc6 6. Nbd2 e6 7. h3 Bd6 8. Bxd6
Qxd6 9. Qc2 O-O 10. e4 Re8 11. e5 Qd8 12. exf6 Qxf6 13. Be2 e5 14. dxe5 Nxe5
15. Nxe5 Qxe5 16. Nf3 Bf5 17. Nxe5 Bxc2 18. Ng4 Be4 19. O-O-O f5 20. f3 Bb1 21.
Rhe1 Bxa2 22. Nh2 Rad8 23. f4 Bb3 24. Nf3 Bxd1 25. Kxd1 g6 26. Ne5 a6 27. Kc2
Rd6 28. Rd1 b5 29. Bf3 Red8 30. Rd4 Kf8 31. g4 fxg4 32. hxg4 a5 33. g5 b4 34.
cxb4 axb4 35. Ng4 b3+ 36. Kc3 Ke7 37. Nf6 Ke6 38. Bg4+ Ke7 39. Nxh7 Rh8 40. Nf6
Rhd8 41. Bf3 Ke6 42. Rd2 Kf5 43. Nxd5 Ke6 44. Kxc4 Rc6+ 45. Kxb3 Rb6+ 46. Ka2
Rbd6 47. b4 Rxd5 48. Bxd5+ Rxd5 49. Rxd5 Kxd5 50. Kb3 1-0

[Event "DEM U12/U12w 2014"]
[Site "Magdeburg GER"]
[Date "2014.06.08"]
[Round "2"]
[White "Suvorov, Luca"]
[Black "Garbuz, Nicole"]
[Result "1-0"]
[Termination "normal"]
[Board "24"]
[WhiteElo "1599"]
[BlackElo "1389"]
[PlyCount "29"]
[WhiteFideId "12977071"]
[BlackFideId "12990701"]
[EventCountry "GER"]
[EventRounds "11"]
[EventType "swiss"]
[EventDate "2014.06.07"]

1. d4 d5 2. e3 Nf6 3. Bd3 e6 4. f4 Be7 5. Nf3 O-O 6. O-O Nbd7 7. Ne5 c5 8. c3
Ne4 9. Bxe4 dxe4 10. Nd2 Nxe5 11. fxe5 b6 12. Nxe4 Bb7 13. Qg4 f5 14. exf6 Bxf6
15. Qxe6+ 1-0

[Event "DEM U12/U12w 2014"]
[Site "Magdeburg GER"]
[Date "2014.06.08"]
[Round "2"]
[White "Rößler, Lukas Namgyu"]
[Black "Mix, Clemens"]
[Result "1-0"]
[Termination "time forfeit"]
[Board "25"]
[WhiteElo "1662"]
[BlackElo "1474"]
[PlyCount "119"]
[WhiteFideId "12938718"]
[BlackFideId "12987921"]
[EventCountry "GER"]
[EventRounds "11"]
[EventType "swiss"]
[EventDate "2014.06.07"]

1. e4 Nf6 2. e5 Nd5 3. d4 d6 4. c4 Nb6 5. f4 dxe5 6. fxe5 Nc6 7. Be3 Bf5 8. Nc3
e6 9. Nf3 Bg4 10. Qd2 Qd7 11. Be2 O-O-O 12. O-O-O Be7 13. Rhf1 f6 14. Ng1 Bxe2
15. Qxe2 Rhf8 16. Nf3 Na5 17. b3 Nc6 18. Ne4 Qe8 19. Rd2 Qg6 20. Bg1 Ba3+ 21.
Kb1 f5 22. Ng3 Bb4 23. Rd3 h6 24. Rfd1 Be7 25. Ka1 Nb4 26. R3d2 Qf7 27. d5 exd5
28. e6 Qf6+ 29. Bd4 Qg6 30. Bxb6 axb6 31. cxd5 Qf6+ 32. Kb1 Bd6 33. Nh1 g5 34.
g3 Rfe8 35. Ne1 Bf8 36. Nc2 Nxc2 37. Kxc2 Bg7 38. Rb1 Qc3+ 39. Kd1 Qc5 40. Qc4
Rd6 41. Qxc5 bxc5 42. b4 cxb4 43. Rxb4 Ra6 44. Rc4 Kb8 45. Nf2 Bf6 46. Nd3 Rd6
47. Nc5 Bg7 48. Ra4 c6 49. Nd7+ Kc7 50. Rc4 Re7 51. Kc2 Re8 52. Rd3 Ra8 53. a4
Rc8 54. Kb3 Kd8 55. Nb6 Rc7 56. a5 cxd5 57. Rxc7 Kxc7 58. Nxd5+ Kd8 59. e7+ Kd7
60. Re3 1-0